Landesstraßen Bezirk Rohrbach+Urfahr - Statistiken

Allgemein
  • Dieses Quiz wurde 7 mal gespielt
  • Das Durchschnittsergebnis liegt bei 4 aus 76
Antwortstatistiken
Nummer Name % Korrekt
L1507 Landshaager Straße
50%
L1546 Schlägler Straße
50%
L590 Böhmerwaldstraße
25%
L581 Hansbergstraße
25%
L1512 Haslacher Straße
25%
L1519 Kirchberg ob der Donau Zufahrtsstraße
25%
L1520 Kleinzeller Straße
25%
L1528 Lembacher Straße
25%
L1518 Neufeldener Straße
25%
L1513 Niederwaldkirchner Straße
25%
L1561 Schwarzenberger Straße
25%
L1509 St.Martiner Straße
25%
L1522 St.Ulricher Straße
25%
L1514 Wimberg Straße
25%
L1544 Afiesl-Guglwaldstraße
0%
L1467 Alberndorfer Straße
0%
L1501 Altenberger Straße
0%
L1529 Ameisbergstraße
0%
L1531 Amesedter Straße
0%
L1521 Blankenberger Straße
0%
L1490 Brunnwaldstraße
0%
L589 Dreisesselbergstraße
0%
L587 Ebenhochstraße
0%
L1538 Eckleinsbacher Straße
0%
L1505 Eidenberger Straße
0%
L1510 Eschelberger Straße
0%
L584 Falkensteinstraße
0%
L1536 Frauenwaldstraße
0%
L1549 Galgenbergstraße
0%
L1496 Gengerstraße
0%
L1503 Giselawarte Straße
0%
L1558 Glöckelberger Straße
0%
L1506 Goldwörther Straße
0%
L1463 Gusentalstraße
0%
L1527 Hanrieder Straße
0%
L1515 Hansberg-Zufahrt Straße
0%
L1525 Haselbachstraße
0%
L1511 Herzogsdorfer Straße
0%
L1560 Hinteranger Straße
0%
L1551 Hinterschlagerstraße
0%
L1498 Hirschbacher Straße
0%
L1559 Holzschlager Straße
0%
L1535 Hörbicher Straße
0%
L1545 Hörleinsödter Straße
0%
L1526 Iglmühlstraße
0%
L1500 Kirchschlager Straße
0%
L1530 Kollerschlager Straße
0%
L1555 Kriegwalder Straße
0%
L1523 Langhalsener Straße
0%
L1550 Magerlmühlstraße
0%
L1534 Marsbacher Straße
0%
L1553 Nebelberger Straße
0%
L1533 Niederkappler Straße
0%
L585 Obermühlerstraße
0%
L1547 Ödenkirchner Straße
0%
L1517 Partensteiner Straße
0%
L1556 Pfaffetschlager Straße
0%
L1524 Pürnsteinstraße
0%
L1541 Rannariedler Straße
0%
L1540 Rannatalstraße
0%
L1532 Sarleinsbacher Straße
0%
L1492 Schallenberg Straße
0%
L1489 Schenkenfeldner Straße
0%
L1543 Schöffgatternstraße
0%
L1562 Schwarzenbergbahn Straße
0%
L1557 Seitelschlager Straße
0%
L588 Tannbergstraße
0%
L1499 Tischberger Straße
0%
L1552 Ulrichsberger Straße
0%
L1516 Untermühl Straße
0%
L1491 Vorderweißenbacher Straße
0%
L1508 Waldinger Straße
0%
L1537 Waldweg Straße
0%
L1494 Waxenberger Straße
0%
L1502 Weitrager Straße
0%
L1468 Wintersdorfer Straße
0%
Keine übereinstimmenden Quizze gefunden
Verteilung der Resultate
Anzahl Personen mit jedem Resultat
Perzentil nach korrekt beantworteten Fragen
Ihre Resultats-Entwicklung
Sie haben dieses Quiz noch nicht gespielt